| Tag |
First Indicator |
Second Indicator |
Subfields |
| LEADER |
00000pam a2200000 a 4500 |
| 001 |
in00000076811 |
| 005 |
20151008054939.0 |
| 008 |
810219s1981 nyua 00110 eng |
| 010 |
|
|
|a 81000887
|
| 020 |
|
|
|a 0812020693 :
|c $4.95
|
| 035 |
|
|
|a (OCoLC)07282240
|
| 035 |
|
|
|9 AAJ2135AM
|
| 039 |
0 |
|
|a 2
|b 3
|c 3
|d 3
|e 3
|
| 040 |
|
|
|a DLC
|c DLC
|d TXA
|d UtOrBLW
|
| 049 |
|
|
|a TXAM
|c [800740]
|
| 050 |
0 |
0 |
|a QD41
|b .M38 1981
|
| 082 |
0 |
|
|a 540/.76
|2 19
|
| 100 |
1 |
|
|a Mascetta, Joseph A.
|
| 245 |
1 |
0 |
|a How to prepare for College Board achievement tests :
|b chemistry /
|c Joseph A. Mascetta.
|
| 250 |
|
|
|a 2nd ed.
|
| 264 |
|
1 |
|a Woodbury, N.Y. :
|b Barron's Educational Series,
|c [1981]
|
| 264 |
|
4 |
|c ©1981
|
| 300 |
|
|
|a viii, 340 pages :
|b illustrations ;
|c 28 cm.
|
| 336 |
|
|
|a text
|b txt
|2 rdacontent
|
| 337 |
|
|
|a unmediated
|b n
|2 rdamedia
|
| 338 |
|
|
|a volume
|b nc
|2 rdacarrier
|
| 500 |
|
|
|a Includes index.
|
| 520 |
|
|
|a A guide to preparing for college entrance examinations in chemistry with review material on basic concepts and principles, sample tests, and reference tables.
|
| 650 |
|
0 |
|a Chemistry
|v Outlines, syllabi, etc.
|
| 650 |
|
0 |
|a Chemistry
|v Examinations, questions, etc.
|
| 650 |
|
1 |
|a Chemistry
|x Outlines, syllabi, etc.
|
| 650 |
|
1 |
|a Chemistry
|x Examinations, questions, etc.
|
| 999 |
|
|
|a MARS
|
| 999 |
f |
f |
|s 1ad74035-0e6c-3339-9999-15999cb29768
|i 9caf7504-eb84-375b-bb89-7396f380abdb
|t 0
|
| 952 |
f |
f |
|p ric
|a Texas A&M University
|b Rellis Campus
|c Joint Library Facility
|s JLF
|d Remote Storage
|t 0
|e QD41 .M38 1981
|h Library of Congress classification
|i unmediated -- volume
|m A14806210472
|
| 998 |
f |
f |
|a QD41 .M38 1981
|t 0
|l Remote Storage
|